[Event "High League 2019 m"]
[Site "Yaroslavl"]
[Date "2019.06.29"]
[Round "3.14"]
[White "Alekseev, Evgeny"]
[Black "Nozdrachev, Vladislav"]
[Result "1/2-1/2"]
[WhiteElo "2645"]
[BlackElo "2481"]
[PlyCount "95"]
[EventDate "2019.??.??"]

1. e4 e5 2. Nf3 Nc6 3. Bb5 a6 4. Ba4 Nf6 5. O-O Bc5 6. c3 O-O 7. d4 Ba7 8. Bg5
h6 9. Bh4 exd4 10. Re1 d6 11. cxd4 Bg4 12. Bxc6 bxc6 13. Qa4 Bxf3 14. gxf3 Qb8
15. Nd2 Qb5 16. Qxb5 axb5 17. Nb3 c5 18. dxc5 dxc5 19. Red1 Rfd8 20. Rxd8+ Rxd8
21. a4 c4 22. axb5 Bb6 23. Na5 Bxa5 24. Rxa5 Rd2 25. Ra8+ Kh7 26. Rc8 Nh5 27.
Bg3 Rxb2 28. Rxc7 Rxb5 29. Rxc4 f5 30. Bd6 g5 31. Kg2 Kg6 32. Rc6 Kf7 33. Bc7
Nf6 34. Bd8 Nh5 35. Bc7 Nf6 36. Bd8 Nh5 37. h4 Nf4+ 38. Kh2 Ne6 39. Bb6 Rb4 40.
hxg5 Nxg5 41. Kg3 fxe4 42. f4 Ne6 43. f5 Ng7 44. Bc5 Rc4 45. Rc7+ Kg8 46. Rc8+
Kh7 47. Rc7 Kg8 48. Rc8+ 1/2-1/2

[Event "High League 2019 m"]
[Site "Yaroslavl"]
[Date "2019.06.29"]
[Round "3.15"]
[White "Murzin, Volodar"]
[Black "Khismatullin, Denis"]
[Result "0-1"]
[WhiteElo "2418"]
[BlackElo "2618"]
[PlyCount "74"]
[EventDate "2019.??.??"]

1. e4 c5 2. Nf3 d6 3. d4 cxd4 4. Nxd4 Nf6 5. Nc3 a6 6. f3 e6 7. g4 h6 8. Be3 b5
9. a3 Bb7 10. h4 d5 11. e5 Nfd7 12. f4 Nc6 13. Qd2 b4 14. axb4 Bxb4 15. Qf2 O-O
16. g5 h5 17. Be2 g6 18. O-O Qc7 19. Na4 Nxd4 20. Bxd4 a5 21. c3 Be7 22. b4
axb4 23. cxb4 Rfc8 24. Rfb1 Qc6 25. Bd3 Rxa4 26. b5 Rxa1 27. bxc6 Rxb1+ 28.
Bxb1 Rxc6 29. Qb2 Ba6 30. Kh2 Rc4 31. Qa1 Bb5 32. Qa5 Rxd4 33. Qxb5 Nf8 34. Kg3
Bb4 35. Qb7 Bd2 36. Qb2 Bxf4+ 37. Kh3 Rd2 0-1

[Event "High League 2019 m"]
[Site "Yaroslavl"]
[Date "2019.06.29"]
[Round "3.16"]
[White "Rakhmanov, Aleksandr"]
[Black "Drygalov, Andrey"]
[Result "1/2-1/2"]
[WhiteElo "2615"]
[BlackElo "2494"]
[PlyCount "144"]
[EventDate "2019.??.??"]

1. d4 Nf6 2. c4 g6 3. Nc3 d5 4. Nf3 Bg7 5. cxd5 Nxd5 6. Qa4+ Bd7 7. Qa3 Nb6 8.
Bf4 O-O 9. e3 c6 10. h3 Be6 11. Rd1 N8d7 12. Ng5 Bc4 13. Bxc4 Nxc4 14. Qb3 b5
15. O-O Qa5 16. Nf3 e5 17. Bg3 Rac8 18. Qc2 exd4 19. Nxd4 Nc5 20. b3 Na3 21.
Qc1 b4 22. Nce2 Rfd8 23. f3 Qb6 24. Bf2 Bh6 25. Nf4 Nb5 26. Qc4 Nc3 27. Rd2 Nd7
28. Nc2 a5 29. Ne6 Ne5 30. Rxd8+ Qxd8 31. Nxd8 Nxc4 32. Nb7 Nd2 33. Re1 a4 34.
Nc5 Nxa2 35. Nxa4 Nxb3 36. Rb1 Na5 37. Nc5 Bf8 38. e4 Bxc5 39. Bxc5 b3 40. Na3
Nc3 41. Re1 Rb8 42. Bd4 Na4 43. Be5 Rc8 44. Ra1 Re8 45. Bf6 Ra8 46. Kf2 c5 47.
g4 g5 48. Nb1 Nb6 49. Nd2 h6 50. Bc3 Nb7 51. Rxa8+ Nxa8 52. Nxb3 Nb6 53. Ke3
Kh7 54. Nc1 Nd8 55. Nd3 Ne6 56. Ne5 Kg8 57. Ba5 Nc8 58. Nd3 Nd6 59. Bc3 Nc4+
60. Kf2 Nd6 61. Be5 Nc4 62. Bf6 Nb6 63. h4 c4 64. Nb4 gxh4 65. Bxh4 h5 66. gxh5
Nf4 67. h6 Kh7 68. Bf6 Ne6 69. Nd5 Nd7 70. Bc3 Kxh6 71. f4 f5 72. exf5 Nxf4
1/2-1/2

[Event "High League 2019 m"]
[Site "Yaroslavl"]
[Date "2019.06.29"]
[Round "3.17"]
[White "Kokarev, Dmitry"]
[Black "Bimiev, Ahmad"]
[Result "1/2-1/2"]
[WhiteElo "2609"]
[BlackElo "2238"]
[PlyCount "107"]
[EventDate "2019.??.??"]

1. e4 e5 2. Nf3 Nc6 3. Bb5 a6 4. Ba4 Nf6 5. O-O Be7 6. Re1 b5 7. Bb3 d6 8. c3
O-O 9. h3 Nb8 10. d4 Nbd7 11. Nbd2 Bb7 12. Bc2 Re8 13. Nf1 Bf8 14. Ng3 g6 15.
a4 c6 16. Be3 Qc7 17. Qd2 Nb6 18. Bh6 Nfd7 19. b3 Rad8 20. a5 Nc8 21. b4 c5 22.
Bg5 f6 23. Be3 d5 24. bxc5 Nxc5 25. Nxe5 Nxe4 26. Nxe4 dxe4 27. Bb3+ Bd5 28.
Bxd5+ Rxd5 29. Qa2 Red8 30. Ng4 Qf7 31. Bf4 h5 32. Ne3 R5d7 33. g4 Bd6 34. Bxd6
Nxd6 35. gxh5 Qxa2 36. Rxa2 gxh5 37. Kh2 Kf7 38. Nd5 Rg8 39. Raa1 Rg5 40. Nb4
Ra7 41. Re3 Rf5 42. Kg2 Ra8 43. Rg3 Nc4 44. Re1 Rf4 45. Nd5 Rf5 46. Nb4 Rf4 47.
Nd5 Rf5 48. Ne3 Nxe3+ 49. Rexe3 b4 50. cxb4 Rb8 51. Rxe4 Rxb4 52. Ra3 Rd5 53.
Rc3 Rxa5 54. Rc7+ 1/2-1/2

[Event "High League 2019 m"]
[Site "Yaroslavl"]
[Date "2019.06.29"]
[Round "3.21"]
[White "Alekseenko, Kirill"]
[Black "Nesterov, Arseniy"]
[Result "1/2-1/2"]
[WhiteElo "2650"]
[BlackElo "2423"]
[PlyCount "105"]
[EventDate "2019.??.??"]

1. e4 e5 2. Nf3 Nc6 3. Bb5 a6 4. Ba4 Nf6 5. O-O Nxe4 6. d4 b5 7. Bb3 d5 8. dxe5
Be6 9. c3 Be7 10. Nbd2 Nc5 11. Bc2 d4 12. Nb3 d3 13. Bb1 Nxb3 14. axb3 Bf5 15.
Be3 Qd5 16. Bd4 O-O 17. Re1 d2 18. Re2 Bxb1 19. Rxb1 Nxd4 20. Nxd4 Bg5 21. h4
Bf4 22. b4 Bxe5 23. Rxd2 Bxd4 24. Rxd4 Qf5 25. Ra1 Qf6 26. g3 Rad8 27. Rd7 h6
28. Qd2 Rfe8 29. Rd1 Rxd7 30. Qxd7 Re2 31. Qd8+ Qxd8 32. Rxd8+ Kh7 33. Rd7 f6
34. Rxc7 Rxb2 35. Rc5 Kg8 36. Kg2 Kf7 37. Kf3 Rc2 38. h5 Ke6 39. Rc7 Kd6 40.
Rxg7 Rxc3+ 41. Kg4 Ke6 42. Rh7 Rc4+ 43. f4 Rxb4 44. Rxh6 a5 45. Rh8 Rb1 46. h6
Rh1 47. h7 Kf7 48. Rb8 Rxh7 49. Rxb5 Kg6 50. f5+ Kh6 51. Rxa5 Rb7 52. Kh4 Ra7
53. Rxa7 1/2-1/2

[Event "High League 2019 m"]
[Site "Yaroslavl"]
[Date "2019.06.29"]
[Round "3.22"]
[White "Truskavetsky, Alexandr"]
[Black "Kobalia, Mikhail"]
[Result "1/2-1/2"]
[WhiteElo "2398"]
[BlackElo "2608"]
[PlyCount "109"]
[EventDate "2019.??.??"]

1. c4 e5 2. g3 Nc6 3. Bg2 g6 4. Nc3 Bg7 5. Rb1 f5 6. b4 Nf6 7. b5 Ne7 8. e3 O-O
9. Nge2 c5 10. O-O d6 11. d4 e4 12. f3 exf3 13. Bxf3 Be6 14. Bxb7 Bxc4 15. dxc5
dxc5 16. Qa4 Bd3 17. Rd1 c4 18. Nf4 Rb8 19. Nxd3 cxd3 20. Bg2 Qc7 21. Rxd3 Rfd8
22. Rxd8+ Rxd8 23. Ne2 Ne4 24. Qb3+ Kh8 25. Bb2 Rd2 26. Bxg7+ Kxg7 27. Bxe4
Rxe2 28. Bf3 Rc2 29. Rd1 Qc5 30. Qe6 Kh6 31. a4 f4 32. gxf4 Nf5 33. Rd5 Rc1+
34. Rd1 Rxd1+ 35. Bxd1 Qc1 36. Qd5 Qxe3+ 37. Kf1 Qxf4+ 38. Qf3 Qxh2 39. a5 Qd2
40. Qh1+ Kg7 41. Qb7+ Kf6 42. Qc6+ Ke5 43. Qc5+ Kf6 44. Qc6+ Qd6 45. Qxd6+ Nxd6
46. b6 axb6 47. axb6 Ke6 48. Kf2 Kd7 49. Bf3 Nc4 50. b7 Kc7 51. Kg3 g5 52. Kg4
Ne5+ 53. Kxg5 Nxf3+ 54. Kh6 Kxb7 55. Kxh7 1/2-1/2

[Event "High League 2019 m"]
[Site "Yaroslavl"]
[Date "2019.06.30"]
[Round "4.2"]
[White "Paravyan, David"]
[Black "Iljiushenok, Ilia"]
[Result "1/2-1/2"]
[WhiteElo "2605"]
[BlackElo "2549"]
[PlyCount "80"]
[EventDate "2019.??.??"]

1. d4 Nf6 2. c4 g6 3. g3 Bg7 4. Bg2 O-O 5. Nf3 d5 6. cxd5 Nxd5 7. O-O Nb6 8.
Nc3 Nc6 9. e3 Re8 10. Re1 a5 11. h3 a4 12. Rb1 Ra5 13. b4 axb3 14. axb3 Nb4 15.
Na4 Nxa4 16. bxa4 Nc6 17. Bd2 Ra7 18. Bc3 b6 19. Qc2 e5 20. d5 Na5 21. e4 Bd7
22. Rec1 Nc4 23. Bb4 Nd6 24. Ra1 Qa8 25. Qb1 Bf8 26. Qb2 f6 27. Nh2 Nf7 28.
Bxf8 Rxf8 29. f4 Re8 30. Nf3 Qd8 31. fxe5 Nxe5 32. Nxe5 fxe5 33. Rc4 Qe7 34.
Rac1 Qd6 35. Qc2 Rc8 36. Kh2 Qa3 37. Qd2 Qd6 38. Qc2 Qa3 39. Qd2 Qd6 40. Qc2
Qa3 1/2-1/2

[Event "High League 2019 m"]
[Site "Yaroslavl"]
[Date "2019.06.30"]
[Round "4.3"]
[White "Zvjaginsev, Vadim"]
[Black "Esipenko, Andrey"]
[Result "1/2-1/2"]
[WhiteElo "2644"]
[BlackElo "2611"]
[PlyCount "81"]
[EventDate "2019.??.??"]

1. Nf3 d5 2. b3 Bf5 3. Bb2 e6 4. g3 h6 5. Bg2 Nf6 6. O-O Be7 7. d3 O-O 8. Nc3
Bh7 9. e3 c5 10. Ne2 Nc6 11. Ne5 Nxe5 12. Bxe5 Nd7 13. Bb2 Bf6 14. Qc1 Rc8 15.
Rd1 Ne5 16. h3 b6 17. Rb1 Nc6 18. Bxf6 Qxf6 19. Qb2 Qe7 20. Rbc1 Rfd8 21. d4
cxd4 22. Nxd4 Nxd4 23. Rxd4 Rc7 24. c4 Rdc8 25. Rcd1 dxc4 26. bxc4 Bg6 27. Bf1
Bf5 28. g4 e5 29. Rd5 Be6 30. Rxe5 Qf6 31. Rb5 Qxb2 32. Rxb2 Bxc4 33. Bxc4 Rxc4
34. Rd7 R8c7 35. Rd8+ Kh7 36. Kg2 g6 37. Rbd2 Kg7 38. Kg3 Rc2 39. Rxc2 Rxc2 40.
a4 Rc4 41. a5 1/2-1/2

[Event "High League 2019 m"]
[Site "Yaroslavl"]
[Date "2019.06.30"]
[Round "4.4"]
[White "Sjugirov, Sanan"]
[Black "Popov, Ivan"]
[Result "1/2-1/2"]
[WhiteElo "2667"]
[BlackElo "2599"]
[PlyCount "81"]
[EventDate "2019.??.??"]

1. d4 d5 2. c4 dxc4 3. e4 Nf6 4. e5 Nd5 5. Bxc4 Bf5 6. Qb3 c6 7. Ne2 Qb6 8. Qf3
Bxb1 9. Bxd5 cxd5 10. Rxb1 e6 11. O-O Nc6 12. Be3 Be7 13. Qg4 g6 14. Bh6 Qa6
15. b4 Qd3 16. Rb3 Qf5 17. Qg3 Qh5 18. Qe3 g5 19. Bg7 Rg8 20. Bf6 Bxf6 21. exf6
Qh6 22. Rc3 Qxf6 23. Qg3 Kf8 24. Rfc1 Kg7 25. b5 Nxd4 26. Nxd4 Qxd4 27. Qxg5+
Kh8 28. Qe7 Rg7 29. Rg3 Rag8 30. Rxg7 Qxg7 31. g3 Qb2 32. Rf1 Kg7 33. a4 a6 34.
Qxb7 axb5 35. axb5 d4 36. b6 Rd8 37. Qc7 Rd5 38. b7 Rb5 39. Rd1 d3 40. Qd8 Rxb7
41. Qg5+ 1/2-1/2

[Event "High League 2019 m"]
[Site "Yaroslavl"]
[Date "2019.06.30"]
[Round "4.5"]
[White "Timofeev, Artyom"]
[Black "Dreev, Aleksey"]
[Result "1/2-1/2"]
[WhiteElo "2608"]
[BlackElo "2657"]
[PlyCount "98"]
[EventDate "2019.??.??"]

1. e4 c5 2. Nf3 e6 3. d4 cxd4 4. Nxd4 Nf6 5. Nc3 Nc6 6. Ndb5 Bb4 7. a3 Bxc3+ 8.
Nxc3 d5 9. exd5 exd5 10. Bd3 O-O 11. O-O d4 12. Ne4 Bf5 13. Bg5 Bxe4 14. Bxe4
h6 15. Bxf6 Qxf6 16. Qf3 Qxf3 17. Bxf3 Rfd8 18. Rfe1 Rac8 19. Re2 d3 20. cxd3
Nd4 21. Re7 Nxf3+ 22. gxf3 Rxd3 23. Rxb7 Rxf3 24. Kg2 Rf6 25. b4 Rc2 26. Rf1
Rg6+ 27. Kh1 Ra6 28. b5 Rxa3 29. b6 axb6 30. Rxb6 h5 31. Rb4 Rf3 32. Kg2 Rcc3
33. h3 Kh7 34. Rh1 Kh6 35. Ra4 f6 36. Rb4 g5 37. Ra4 Kg6 38. Rb4 h4 39. Ra4
Rfd3 40. Ra2 Rc4 41. Rb1 Rcc3 42. Rh1 Rb3 43. Rc2 Ra3 44. Rb2 Rdc3 45. Rd2 Rc4
46. Rb1 g4 47. hxg4 Rxg4+ 48. Kh2 h3 49. Rg1 Rxg1 1/2-1/2

[Event "High League 2019 m"]
[Site "Yaroslavl"]
[Date "2019.06.30"]
[Round "4.6"]
[White "Petrov, Nikita"]
[Black "Sarana, Alexey"]
[Result "0-1"]
[WhiteElo "2610"]
[BlackElo "2641"]
[PlyCount "84"]
[EventDate "2019.??.??"]

1. d4 Nf6 2. c4 e6 3. Nc3 d5 4. cxd5 Nxd5 5. e4 Nxc3 6. bxc3 c5 7. a3 Be7 8.
Nf3 O-O 9. Bd3 b6 10. Qe2 Bb7 11. h4 Nd7 12. h5 Qc7 13. h6 cxd4 14. Kf1 g6 15.
cxd4 e5 16. Nxe5 Nxe5 17. dxe5 Qxe5 18. Bb2 Qd6 19. Bc4 Rad8 20. Rh3 Bc8 21.
Rf3 Bg4 22. Kg1 Qd2 23. Qxd2 Rxd2 24. Bc3 Rc2 25. Bb3 Bxf3 26. Bxc2 Rc8 27. Bg7
Bxg2 28. Kxg2 Rxc2 29. Rd1 Rc7 30. e5 b5 31. Kf3 a6 32. Rd3 Rc8 33. Rd7 Bxa3
34. Ra7 Rb8 35. Ke4 Bc5 36. Rc7 Bb4 37. f4 a5 38. Kd5 Bf8 39. Bxf8 Kxf8 40. e6
fxe6+ 41. Kxe6 b4 42. Rxh7 Kg8 0-1

[Event "High League 2019 m"]
[Site "Yaroslavl"]
[Date "2019.06.30"]
[Round "4.9"]
[White "Khismatullin, Denis"]
[Black "Rozum, Ivan"]
[Result "1-0"]
[WhiteElo "2618"]
[BlackElo "2572"]
[PlyCount "89"]
[EventDate "2019.??.??"]

1. e4 c6 2. d4 d5 3. e5 Bf5 4. h4 h5 5. Bd3 Bxd3 6. Qxd3 Qa5+ 7. Nd2 e6 8. Ngf3
Nh6 9. O-O Nf5 10. c3 Qa6 11. Qc2 Be7 12. g3 c5 13. Nb3 c4 14. Nbd2 Nc6 15. Re1
b5 16. Nf1 b4 17. Bg5 bxc3 18. bxc3 Ba3 19. Rab1 Nce7 20. Bc1 Bxc1 21. Rexc1
Nc6 22. Ng5 g6 23. Ne3 Nxe3 24. fxe3 Ne7 25. e4 O-O 26. Rf1 dxe4 27. Nxe4 Nf5
28. Qd2 Rfb8 29. Rbe1 Rb7 30. Nc5 Qc6 31. Nxb7 Qxb7 32. Qg2 Rb8 33. Qxb7 Rxb7
34. Rb1 Rc7 35. Kf2 Ne7 36. Rb8+ Kg7 37. Rfb1 Nd5 38. R1b7 Rc6 39. Rxa7 g5 40.
Rbb7 Kg6 41. Rxf7 g4 42. Ke1 Rb6 43. Rfb7 Rc6 44. Kd2 Kf5 45. Rb1 1-0

[Event "High League 2019 m"]
[Site "Yaroslavl"]
[Date "2019.06.30"]
[Round "4.10"]
[White "Bocharov, Ivan"]
[Black "Shimanov, Aleksandr"]
[Result "1/2-1/2"]
[WhiteElo "2559"]
[BlackElo "2615"]
[PlyCount "95"]
[EventDate "2019.??.??"]

1. c4 Nf6 2. Nc3 c5 3. Nf3 Nc6 4. e3 e6 5. d4 d5 6. cxd5 Nxd5 7. Bd3 Be7 8. O-O
O-O 9. Be4 Nxc3 10. bxc3 Qc7 11. Qc2 h6 12. Rd1 Bd7 13. Rb1 Rac8 14. d5 exd5
15. Bxd5 b5 16. Qe4 Rb8 17. c4 bxc4 18. Bb2 Rxb2 19. Rxb2 c3 20. Rb3 Bf6 21. a3
Qc8 22. Rc1 Ne7 23. Bc4 Bc6 24. Qf4 Ng6 25. Qg3 Qf5 26. h3 h5 27. Rbxc3 Bxc3
28. Rxc3 Rd8 29. Qg5 Rd1+ 30. Kh2 Qxg5 31. Nxg5 Ne5 32. Bb3 Rd2 33. Rxc5 Rxf2
34. e4 Rb2 35. Ba4 Nf3+ 36. Nxf3 Bxa4 37. Ng5 Rb8 38. Rc7 Bb3 39. Rxa7 f6 40.
Nf3 Re8 41. Nd4 Ba2 42. Nf5 g5 43. Ra6 Rxe4 44. Rxf6 Re5 45. Rg6+ Kf7 46. Rxg5
Kf6 47. Rxh5 Bf7 48. Rh4 1/2-1/2

[Event "High League 2019 m"]
[Site "Yaroslavl"]
[Date "2019.06.30"]
[Round "4.11"]
[White "Fedoseev, Vladimir"]
[Black "Triapishko, Alexandr"]
[Result "1-0"]
[WhiteElo "2680"]
[BlackElo "2512"]
[PlyCount "137"]
[EventDate "2019.??.??"]

1. d4 Nf6 2. c4 g6 3. f3 Nc6 4. d5 Ne5 5. e4 d6 6. Nc3 Bg7 7. f4 Ned7 8. Be3
O-O 9. Be2 e6 10. dxe6 fxe6 11. Nh3 b6 12. O-O Bb7 13. Qc2 Nc5 14. Bf3 e5 15.
f5 a5 16. g4 h6 17. Rad1 Nh7 18. Qg2 g5 19. Nf2 Bf6 20. Nh1 Bc6 21. Ng3 Be8 22.
Nd5 Bg7 23. b3 Nd7 24. Qd2 Bf7 25. Kg2 Nb8 26. Rh1 Nc6 27. Ne2 Nd4 28. Nxd4
Bxd5 29. exd5 exd4 30. Bxd4 Bxd4 31. Qxd4 Qf6 32. Rhe1 Qxd4 33. Rxd4 Nf6 34.
Re6 Kf7 35. h3 Rfe8 36. Rd1 Re7 37. Rde1 Rd7 38. Be2 Kg7 39. Kf2 Rf7 40. Ke3
Rff8 41. Kd4 Rae8 42. Bd1 Ra8 43. a3 Rf7 44. Kc3 Ra7 45. Kb2 Ra8 46. b4 Ra7 47.
Bb3 Ra8 48. Kc2 Ra7 49. c5 bxc5 50. bxc5 a4 51. Bc4 Ra5 52. cxd6 Rc5 53. Kd3
cxd6 54. Rxd6 Rfc7 55. Rc6 R7xc6 56. dxc6 Rxc6 57. Re7+ Kf8 58. Rf7+ Ke8 59.
Ra7 Rd6+ 60. Ke3 Kd8 61. Be6 Rd1 62. Rxa4 Ke7 63. Ra7+ Kd6 64. Ra6+ Ke7 65. Bc4
Rc1 66. Re6+ Kf7 67. Rc6+ Kg7 68. Rc7+ Kh8 69. Kd4 1-0

[Event "High League 2019 m"]
[Site "Yaroslavl"]
[Date "2019.06.30"]
[Round "4.12"]
[White "Motylev, Alexander"]
[Black "Levin, Evgeny A"]
[Result "1-0"]
[WhiteElo "2654"]
[BlackElo "2504"]
[PlyCount "105"]
[EventDate "2019.??.??"]

1. e4 d6 2. d4 Nf6 3. Nc3 g6 4. Be3 Bg7 5. Qd2 c6 6. Bh6 Bxh6 7. Qxh6 Qa5 8.
Bd3 c5 9. d5 Nbd7 10. Nf3 c4 11. Bxc4 Qc5 12. Bd3 Qxf2+ 13. Kxf2 Ng4+ 14. Ke2
Nxh6 15. h3 Ng8 16. Nb5 Kf8 17. b4 a6 18. Nbd4 Ngf6 19. a4 a5 20. c3 Kg7 21.
Rhb1 b6 22. Ke3 Ba6 23. Bxa6 Rxa6 24. Nc6 Rc8 25. Nfd4 Rc7 26. Ra3 Kf8 27. bxa5
bxa5 28. c4 Nc5 29. Rb8+ Kg7 30. Nb5 Rd7 31. e5 dxe5 32. Nxe5 Rb7 33. Rxb7 Nxb7
34. Kd4 e6 35. Rb3 exd5 36. Nc7 Ra7 37. Nc6 Nc5 38. Kxc5 dxc4 39. Ne8+ Nxe8 40.
Rb8 Nf6 41. Nxa7 Nd7+ 42. Kxc4 Nxb8 43. Kb5 g5 44. Kxa5 f5 45. Kb5 g4 46. hxg4
fxg4 47. Nc6 Nd7 48. a5 Nf6 49. a6 Nd5 50. a7 h5 51. Ne7 Nc7+ 52. Kc6 Na8 53.
Kb7 1-0

[Event "High League 2019 m"]
[Site "Yaroslavl"]
[Date "2019.06.30"]
[Round "4.13"]
[White "Ponkratov, Pavel"]
[Black "Bigaliev, Renat"]
[Result "1-0"]
[WhiteElo "2649"]
[BlackElo "2427"]
[PlyCount "79"]
[EventDate "2019.??.??"]

1. d4 Nf6 2. c4 e6 3. Nc3 Bb4 4. Qc2 O-O 5. e4 d6 6. Bd3 Nbd7 7. Nge2 c5 8. d5
b5 9. cxb5 Nb6 10. a3 Ba5 11. O-O Bb7 12. dxe6 fxe6 13. b4 cxb4 14. axb4 Bxb4
15. Qb3 Bxc3 16. Qxe6+ Kh8 17. Nxc3 Re8 18. Qf5 Re5 19. Qf4 Qe7 20. Bb2 Rf8 21.
Qh4 Rh5 22. Qg3 Rh6 23. f4 Rg6 24. Qf3 Nfd7 25. Rxa7 Ne5 26. Qe2 Nxd3 27. Qxd3
Bxe4 28. Rxe7 Bxd3 29. Rd1 Bf5 30. Nd5 Nxd5 31. Rxd5 h6 32. g3 Bg4 33. b6 Bf3
34. Rd3 Bc6 35. Rc3 d5 36. Rxc6 Rxc6 37. Bxg7+ Kg8 38. Bxf8 Kxf8 39. b7 Rb6 40.
Rc7 1-0

[Event "High League 2019 m"]
[Site "Yaroslavl"]
[Date "2019.06.30"]
[Round "4.14"]
[White "Salemgareev, Tagir"]
[Black "Alekseev, Evgeny"]
[Result "1/2-1/2"]
[WhiteElo "2412"]
[BlackElo "2645"]
[PlyCount "126"]
[EventDate "2019.??.??"]

1. d4 Nf6 2. c4 e6 3. Nf3 d5 4. Nc3 Bb4 5. e3 O-O 6. Bd2 b6 7. cxd5 exd5 8. Bd3
Bb7 9. Rc1 Be7 10. O-O Nbd7 11. Ne5 Nxe5 12. dxe5 Nd7 13. f4 Nc5 14. Bb1 d4 15.
Nb5 d3 16. Nd4 a5 17. Qg4 Kh8 18. Rcd1 g6 19. Bc3 Be4 20. b3 Rg8 21. Qh3 Qc8
22. Qxc8 Rgxc8 23. Nf3 Kg8 24. Nd2 Bb7 25. Bd4 Rd8 26. Bxc5 Bxc5 27. Kf2 Rd7
28. Nc4 Rad8 29. e6 fxe6 30. Ne5 Rd6 31. Bxd3 Be4 32. Be2 Kg7 33. Rxd6 cxd6 34.
Nf3 h6 35. Rd1 Bb7 36. Nd4 Kf6 37. Bc4 Re8 38. Nb5 d5 39. Bd3 g5 40. g3 e5 41.
fxe5+ Kxe5 42. Nd4 Bc8 43. Nc6+ Kd6 44. Nd4 Bh3 45. Bc2 Rf8+ 46. Kg1 Rf6 47. a4
Ke5 48. Bb1 h5 49. Bh7 h4 50. gxh4 gxh4 51. Bd3 Rf7 52. Nc6+ Kd6 53. Nd4 Rg7+
54. Kf2 Rg2+ 55. Kf3 Bxd4 56. exd4 Rxh2 57. Rg1 Be6 58. Rg6 Rh3+ 59. Ke2 Ke7
60. Rh6 Rh2+ 61. Ke3 Rb2 62. Rxh4 Rxb3 63. Kd2 Bd7 1/2-1/2

[Event "High League 2019 m"]
[Site "Yaroslavl"]
[Date "2019.06.30"]
[Round "4.16"]
[White "Drygalov, Andrey"]
[Black "Kokarev, Dmitry"]
[Result "1/2-1/2"]
[WhiteElo "2494"]
[BlackElo "2609"]
[PlyCount "81"]
[EventDate "2019.??.??"]

1. e4 c5 2. Nf3 d6 3. d4 cxd4 4. Nxd4 Nf6 5. Nc3 a6 6. f3 e5 7. Nb3 Be6 8. Be3
h5 9. Qd2 Nbd7 10. Nd5 Bxd5 11. exd5 g6 12. O-O-O Nb6 13. Kb1 Nbxd5 14. Bg5 Be7
15. Bd3 Qc7 16. Rhe1 O-O-O 17. c4 Nf4 18. Bxf4 exf4 19. Qxf4 Rhe8 20. Rc1 Kb8
21. Re2 Rc8 22. Rce1 d5 23. Qxc7+ Rxc7 24. Nd2 Ng8 25. cxd5 Rd8 26. Bc4 Bb4 27.
Bb3 Nf6 28. Rd1 Re7 29. Rxe7 Bxe7 30. Ne4 Nxe4 31. fxe4 Bd6 32. h3 Re8 33. Bc2
Kc7 34. Rf1 Re7 35. Bd3 Be5 36. Rc1+ Kd8 37. Rf1 Kc7 38. Rc1+ Kd8 39. Rf1 Kc7
40. Rc1+ Kd8 41. Rf1 1/2-1/2

[Event "High League 2019 m"]
[Site "Yaroslavl"]
[Date "2019.06.30"]
[Round "4.21"]
[White "Galaktionov, Artem"]
[Black "Najer, Evgeniy"]
[Result "0-1"]
[WhiteElo "2371"]
[BlackElo "2678"]
[PlyCount "96"]
[EventDate "2019.??.??"]

1. d4 Nf6 2. Nf3 e6 3. c4 Bb4+ 4. Nbd2 d5 5. a3 Be7 6. e3 O-O 7. b4 a5 8. b5 c5
9. Bb2 Nbd7 10. Be2 b6 11. O-O Bb7 12. Rc1 Rc8 13. Ne5 cxd4 14. exd4 Nxe5 15.
dxe5 Nd7 16. cxd5 Bxd5 17. Nc4 h6 18. Ne3 Bb7 19. Nc4 Bd5 20. Ne3 Ba8 21. Rxc8
Qxc8 22. Qd4 Rd8 23. Nc4 Bd5 24. Nd6 Qb8 25. Ne4 Qxe5 26. Qxe5 Nxe5 27. Bxe5
Bxe4 28. Rd1 Rxd1+ 29. Bxd1 Bc5 30. a4 f6 31. Bc3 Kf7 32. Bb3 Ke7 33. Kf1 Kd6
34. g3 Bd5 35. Bc2 Bc4+ 36. Kg2 e5 37. f3 Bd4 38. Bd2 h5 39. g4 h4 40. g5 Bd5
41. gxf6 gxf6 42. h3 f5 43. Bg5 e4 44. Bxh4 exf3+ 45. Kf1 Be4 46. Bb3 Bd3+ 47.
Ke1 Ke5 48. Bd1 f2+ 0-1

[Event "High League 2019 m"]
[Site "Yaroslavl"]
[Date "2019.06.30"]
[Round "4.23"]
[White "Kobalia, Mikhail"]
[Black "Murzin, Volodar"]
[Result "1/2-1/2"]
[WhiteElo "2608"]
[BlackElo "2418"]
[PlyCount "108"]
[EventDate "2019.??.??"]

1. c4 c6 2. Nf3 d5 3. g3 Bg4 4. Bg2 e6 5. cxd5 Bxf3 6. Bxf3 cxd5 7. O-O Nc6 8.
d4 Nf6 9. Nc3 Be7 10. e3 O-O 11. Qe2 Qd7 12. Bd2 Rfc8 13. Rfc1 Qd8 14. Be1 Rc7
15. Qd1 Rac8 16. Bg2 h6 17. Ne2 Nb4 18. Rxc7 Rxc7 19. Rb1 Nc6 20. Nf4 Bd6 21.
Nd3 Qe7 22. Rc1 Nb8 23. Bf1 Rxc1 24. Qxc1 Nc6 25. Kg2 Nd7 26. Qc2 Nb6 27. Qb3
Nc4 28. Qc3 Nb6 29. b4 e5 30. dxe5 Nxe5 31. Nxe5 Bxe5 32. Qd3 Qe6 33. Be2 g6
34. b5 Nd7 35. e4 dxe4 36. Qxe4 Nc5 37. Qc4 Qxc4 38. Bxc4 Kf8 39. Bd2 h5 40. f4
Bd6 41. Kf3 Ke7 42. Ke3 Ne6 43. Ke4 f5+ 44. Kf3 Bc5 45. h3 Nd4+ 46. Kg2 Nc2 47.
Bd3 Bb4 48. Bxb4+ Nxb4 49. Bc4 Nc2 50. Kf3 b6 51. Ke2 Nd4+ 52. Ke3 Ne6 53. Bxe6
Kxe6 54. Kd4 Kd6 1/2-1/2

[Event "High League 2019 m"]
[Site "Yaroslavl"]
[Date "2019.07.01"]
[Round "5.4"]
[White "Sarana, Alexey"]
[Black "Fedoseev, Vladimir"]
[Result "1/2-1/2"]
[WhiteElo "2641"]
[BlackElo "2680"]
[PlyCount "61"]
[EventDate "2019.??.??"]

1. d4 Nf6 2. c4 g6 3. Nc3 Bg7 4. e4 d6 5. Nf3 O-O 6. Be2 e5 7. dxe5 dxe5 8.
Qxd8 Rxd8 9. Bg5 Re8 10. Nd5 Nxd5 11. cxd5 c6 12. Bc4 b5 13. Bb3 Bb7 14. dxc6
Nxc6 15. Bd5 Na5 16. O-O-O a6 17. Kb1 Bxd5 18. Rxd5 f6 19. Be3 Bf8 20. b3 Nb7
21. Rhd1 Rad8 22. Ne1 Rxd5 23. Rxd5 Kf7 24. Nd3 Ke6 25. Bc5 Bxc5 26. Nxc5+ Nxc5
27. Rxc5 Kd6 28. Rd5+ Ke6 29. Rc5 Kd6 30. Rd5+ Ke6 31. Rc5 1/2-1/2

[Event "High League 2019 m"]
[Site "Yaroslavl"]
[Date "2019.07.01"]
[Round "5.5"]
[White "Timofeev, Artyom"]
[Black "Sjugirov, Sanan"]
[Result "0-1"]
[WhiteElo "2608"]
[BlackElo "2667"]
[PlyCount "92"]
[EventDate "2019.??.??"]

1. d4 Nf6 2. c4 e6 3. Nc3 d5 4. cxd5 exd5 5. Bg5 Be7 6. e3 c6 7. Bd3 Nbd7 8.
Nge2 Nf8 9. Qc2 Ne6 10. Bh4 g6 11. O-O-O Bd7 12. h3 Rc8 13. Kb1 O-O 14. Nf4
Nxf4 15. exf4 Nh5 16. Bxe7 Qxe7 17. g3 Ng7 18. Rhe1 Qf6 19. Qa4 Bxh3 20. Qxa7
Bg4 21. Rd2 Ne6 22. Re5 b5 23. Qb6 h5 24. f5 gxf5 25. f3 Bxf3 26. Bxf5 Bg4 27.
Rf2 Kg7 28. a3 Qd8 29. Qxd8 Rcxd8 30. Bxg4 hxg4 31. Nd1 Rfe8 32. Ne3 Nxd4 33.
Nxg4 Rxe5 34. Nxe5 f6 35. Nd3 Re8 36. Nc5 Re3 37. Nd7 f5 38. Rf4 Re4 39. Nc5
Re1+ 40. Ka2 Ne2 41. Nd3 Rd1 42. Nf2 Rf1 43. Rf3 Nc1+ 44. Kb1 Nd3+ 45. Ka2 Nxf2
46. Rxf5 d4 0-1

[Event "High League 2019 m"]
[Site "Yaroslavl"]
[Date "2019.07.01"]
[Round "5.6"]
[White "Dreev, Aleksey"]
[Black "Pridorozhni, Aleksei"]
[Result "1/2-1/2"]
[WhiteElo "2657"]
[BlackElo "2588"]
[PlyCount "126"]
[EventDate "2019.??.??"]

1. d4 d5 2. c4 dxc4 3. Nf3 a6 4. a4 e6 5. Bg5 Be7 6. Bxe7 Qxe7 7. Nbd2 Nc6 8.
e3 Na5 9. Nxc4 Nxc4 10. Bxc4 Qb4+ 11. Nd2 Nf6 12. Qb3 Qxb3 13. Bxb3 Bd7 14. Ke2
Ke7 15. Rhc1 Rhc8 16. e4 a5 17. Rc3 Ra6 18. f3 Rb6 19. Rac1 Ne8 20. Ke3 Rb4 21.
Rc4 Ra8 22. Rxb4 axb4 23. Bd1 f6 24. h4 b6 25. b3 e5 26. dxe5 fxe5 27. Be2 Be6
28. Bc4 Ra7 29. g3 Nd6 30. Bxe6 Kxe6 31. f4 exf4+ 32. gxf4 c5 33. h5 Re7 34.
Nf3 Nb7 35. Rd1 h6 36. f5+ Kf7 37. Kf4 Na5 38. Rd3 Ke8 39. Ne5 Rb7 40. Rg3 Kf8
41. Rd3 Ke8 42. Re3 Rc7 43. Rg3 Rb7 44. Ng4 Nc6 45. f6 Nd4 46. Ke5 Rd7 47. Ne3
Nc6+ 48. Kf5 gxf6 49. Ng4 Rg7 50. Nxf6+ Kf7 51. Rxg7+ Kxg7 52. Nd5 Nd4+ 53. Ke5
Nxb3 54. Nxb6 Na5 55. Nd5 b3 56. Nc3 b2 57. Kd6 Kf7 58. Kxc5 Kf6 59. Kb4 Nb7
60. a5 Nxa5 61. Kxa5 Ke5 62. Kb4 b1=Q+ 63. Nxb1 Kxe4 1/2-1/2